000 00553nam a2200169Ia 4500
999 _c21879
_d21879
003 OSt
005 20200624123829.0
008 190216s9999||||xx |||||||||||||| ||und||
020 _a9780070221772
040 _coclc
082 _a954.005
_bDWI/I
100 _aDwivedi, Rakesh
_93185
245 0 _aIndia 2008 For Civil Services And Other Competitive Examinations /
_cRakesh Dwivedi
260 _bTata Mcgraw Hill Publishing Company Ltd,
_c2008.
_aNew Delhi:
300 _a450p
942 _cBK
_2ddc
_h954.005
_iDWI/I
_k954.005
_mDWI/I